Feminism and anthropology
Αποθηκεύτηκε σε:
| Κύριος συγγραφέας: | |
|---|---|
| Μορφή: | Βιβλίο |
| Γλώσσα: | English |
| Δημοσίευση: |
Minneapolis :
University of Minnesota Press,
c1988
|
| Θέματα: | |
| Ετικέτες: |
Προσθήκη ετικέτας
Δεν υπάρχουν, Καταχωρήστε ετικέτα πρώτοι!
|
MARC
| LEADER | 00000nam a2200000 i 4500 | ||
|---|---|---|---|
| 001 | 1/78058 | ||
| 008 | 050607s1988 eng d | ||
| 020 | |a 0-8166-1750-3 | ||
| 035 | |l 10078405 | ||
| 040 | |a GR-MY-UA |b gre |e aacr | ||
| 041 | 0 | |a eng | |
| 082 | 0 | |a 305.42 |2 (22) | |
| 100 | 1 | |a Moore, Henrietta L. | |
| 245 | 1 | 0 | |a Feminism and anthropology / |c Henrietta L. Moore |
| 260 | |a Minneapolis : |b University of Minnesota Press, |c c1988 | ||
| 300 | |a xi, 246 σ.; |c 23 εκ. | ||
| 504 | |a Περιέχει βιβλιογραγικές παραπομπές και ευρετήριο | ||
| 650 | 0 | 0 | |a Sex role. |
| 650 | 0 | 0 | |a Women. |
| 650 | 0 | 0 | |a Ethnology |x Philosophy. |
| 650 | 0 | 0 | |a Feminist anthropology. |
| 852 | |a INST |b LESVOS |e 20050607 |h 305.42 MOO |p 005100032308 |q 005100032308 |t BK |y 0 | ||
| 901 | |a BIBL1-2005-2 | ||
| 909 | |a Λ |b 118367 | ||
| 920 | |a ΕΠΕΑΕΚ ΚΟΙΝΩΝΙΚΗΣ ΑΝΘΡΩΠΟΛΟΓΙΑΣ ΚΑΙ ΙΣΤΟΡΙΑΣ |y ΛΕΣΒΟΣ |z 2005-04 | ||
| 970 | |a ΜΑΡΙΝΑΤΟΥ |b ΜΥΡΣΙΝΗ |z 2005/06/07 | ||